Anuario del Cuerpo Facultativo de Archiveros, Bibliotecarios y Arqueólogos. (Record no. 182840)
[ view plain ]
| 000 -LEADER | |
|---|---|
| campo de control de longitud fija | 01262nas a22003491i#4500 |
| 001 - NÚMERO DE CONTROL | |
| campo de control | 182840 |
| 003 - IDENTIFICADOR DE NÚMERO DE CONTROL | |
| campo de control | ES-MaACL |
| 005 - FECHA Y HORA DE LA ÚLTIMA TRANSACCIÓN | |
| campo de control | 20250730063155.0 |
| 008 - DATOS DE LONGITUD FIJA--INFORMACIÓN GENERAL | |
| campo de control de longitud fija | 131112d19341935sp a| | 1 ||pa d |
| 022 ## - NÚMERO INTERNACIONAL NORMALIZADO PARA PUBLICACIONES SERIADAS | |
| Número Internacional Normalizado para Publicaciones Seriadas | 2793-6880 |
| 040 ## - FUENTE DE CATALOGACIÓN | |
| Centro/agencia transcriptor | ES-MaACL |
| 080 ## - NÚMERO DE LA CLASIFICACIÓN DECIMAL UNIVERSAL | |
| Número de la Clasificación Decimal Universal | 02 |
| 080 ## - NÚMERO DE LA CLASIFICACIÓN DECIMAL UNIVERSAL | |
| Número de la Clasificación Decimal Universal | 069 |
| 080 ## - NÚMERO DE LA CLASIFICACIÓN DECIMAL UNIVERSAL | |
| Número de la Clasificación Decimal Universal | 930.25 |
| 245 00 - MENCIÓN DEL TÍTULO | |
| Título | Anuario del Cuerpo Facultativo de Archiveros, Bibliotecarios y Arqueólogos. |
| 260 ## - PUBLICACIÓN, DISTRIBUCIÓN, ETC. | |
| Lugar de publicación, distribución, etc. | Madrid : |
| Nombre del editor, distribuidor, etc. | Cuerpo Facultativo de Archiveros, Bibliotecarios y Arqueólogos, |
| Fecha de publicación, distribución, etc. | 1934-1935 |
| 300 ## - DESCRIPCIÓN FÍSICA | |
| Extensión | 3 volúmenes ; |
| Dimensiones | 25 cm |
| 310 ## - PERIODICIDAD ACTUAL | |
| Periodicidad actual | Anual |
| 362 0# - FECHAS DE PUBLICACIÓN Y/O DESIGNACIÓN SECUENCIAL | |
| Fecha de publicación y/o designación secuencial | 1934-1935. |
| 530 ## - NOTA DISPONIBLE DE FORMULARIO FÍSICO ADICIONAL | |
| Nota de formato físico adicional disponible | Disponible en formato digital |
| 610 24 - PUNTO DE ACCESO ADICIONAL DE MATERIA--NOMBRE DE ENTIDAD CORPORATIVA | |
| Nombre de entidad corporativa o nombre de jurisdicción como elemento de entrada | Cuerpo Facultativo de Archiveros, Bibliotecarios y Arqueólogos |
| 9 (RLIN) | 3354 |
| 650 #7 - PUNTO DE ACCESO ADICIONAL DE MATERIA--TÉRMINO DE MATERIA | |
| Término de materia o nombre geográfico como elemento de entrada | Biblioteconomía |
| Fuente del encabezamiento o término | embne |
| 9 (RLIN) | 10554 |
| 655 #7 - TERMINO DE INDIZACIÓN--GENERO/FORMA | |
| Datos o término principal de género/forma | Anuarios |
| 9 (RLIN) | 226822 |
| 710 2# - ENTRADA AGREGADA--NOMBRE DE ENTIDAD CORPORATIVA | |
| Nombre de entidad corporativa o nombre de jurisdicción como elemento de entrada | Cuerpo Facultativo de Archiveros, Bibliotecarios y Arqueólogos |
| Término indicativo de función/relación | entidad responsable |
| 9 (RLIN) | 3354 |
| 780 00 - ENLACE A UN TÍTULO/ENTRADA ANTERIOR | |
| Título | Anuario del Cuerpo Facultativo de Archiveros, Bibliotecarios y Anticuarios |
| 852 4# - LOCALIZACIÓN | |
| Ubicación | ES-MaACL |
| Ubicación en estantería | Sala Palomar |
| Número de control de estantería | C-4727-29 |
| 856 ## - LOCALIZACIÓN Y ACCESO ELECTRÓNICOS | |
| Identificador Uniforme de Recursos | <a href="https://hemerotecadigital.bne.es/hd/issn/1136-4610">https://hemerotecadigital.bne.es/hd/issn/1136-4610</a> |
| Texto de enlace | Versión en línea |
| Nota pública | (Hemeroteca Digital) |
| 866 #0 - MENCIÓN TEXTUAL DE FONDOS--UNIDAD BIBLIOGRÁFICA BÁSICA | |
| Fondos | 1934-1935 |
| 942 ## - ELEMENTOS DE ENTRADA SECUNDARIOS (KOHA) | |
| Fuente del sistema de clasificación o colocación | Clasificación decimal universal |
| Tipo de ítem Koha | Revista |
| Suprimir en OPAC | No |
| 955 ## - CATALOGADOR - EDICIÓN | |
| Nombre de catalogador | Pilar Fernández Vera |
| Estatus retirado | Estado de pérdida | Fuente del sistema de clasificación o colocación | Estado de daño | No para préstamo | Colección | Biblioteca de origen | Biblioteca actual | Ubicación en estantería | Fecha de adquisición | Total de préstamos | Signatura topográfica completa | Código de barras | Visto por última vez | Precio de reemplazo | Tipo de ítem Koha |
|---|---|---|---|---|---|---|---|---|---|---|---|---|---|---|---|
| Clasificación decimal universal | Colección digital | Biblioteca del Ateneo de Madrid | Biblioteca del Ateneo de Madrid | Sala Palomar | 12/11/2013 | C-4727-29 | 1192158 | 23/02/2023 | 23/02/2023 | Revista |
